00798nam a2200229Ia 4500003000900000008004100009020001800050040001600068080001700084100002200101245011000123260004800233300001400281650002200295650001400317650001900331650002600350700002400376942000700400999001700407952014400424IN-BaIIA211028s9999 xx 000 0 eng d a0-691-03791-4 cIIA Library a524.834bHAW aHawking, S920714 4aThe nature of space and timecS. Hawking and R. Penrose  aPrincetonbPrinceton University pressc1996 aix, 141p. aAstrophysics9794 aCosmology aQuantum theory aSpace and time920715 aPenrose , R.910419 cBK c11910d11910 00104070aBANbBANcGENd1996-10-24eEDS g972.00l1o524.834/ HAWp12826r2022-08-02s2022-05-24v972.00w1996-10-24yBKGRs. 972.00